000 00924cab a2200253 4500
001 ABS50163
008 090401t1994 xxu||||| |||| 00| 0 eng d
035 _a(Sirsi) u74454
041 _aeng
100 _aHowe, M.
245 _aAssumptions of fitness for immediate occupation and use
260 _c1994
350 _a0
490 _aRent Review & Lease Renewal
_v14(1) 1994, 14-18(5)
520 _aRefers to "Orchid Lodge (UK) Ltd v Extel Computing Ltd", "Iceland Frozen Foods plc v Starlight Investments Ltd", "Ponsarn Investments Ltd v Kansallis -Osake-Pankki" and "London & Leeds Estates Ltd v Paribas" in an assessment of the courts attitude to assumption clauses.
650 _aFITTING OUT
650 _aIMMEDIATE OCCUPATION
650 _aOPEN MARKET RENT
650 _aRENT REVIEWS
650 _aRENT-FREE PERIODS
690 _aLANDLORD AND TENANT-RENT REVIEWS
942 _n0
948 _c04/03/1997
999 _c46963
_d46963